000 00556nam a22001457a 4500
020 _a9788132110392
082 _a070.43
100 _aDavid Spark
245 _aPractical newspaper reporting
260 _aLos Angeles
_bSage publications
_c2011
300 _a210
942 _cBK
999 _c2571
_d2571